000 01153nam a22002417a 4500
005 20100722160731.0
008 100412t xxu||||| |||| 00| 0 ur d
020 _c225.00
_a9788182235694
035 _aB-395159
037 _bEducational Publishing House
040 _adpl
_bur
082 _a921
100 _aعبدالباری
_9616
245 _aانوکھے لوگ نرالی باتيں
_cعبدالباری
_b
246 _aAnokhe log Nirali Baten /
_bby Zafar Habib
260 _a دلّی
_bايجو کيشنل پبلشنگ ہاؤس
_c2009
270 _a3108,VakilStreet, Kucha Pandit, Lal Kuan
_b Delhi
_e110006
_k23216162, 23214465
_minfo@ephbooks.com,ephdelhi@yahoo.com
_l0091-11-23211540
300 _a280 ص
_b22 س م (Hb)
500 _a
942 _2ddc
_cUR
_h921
_mع ب د
999 _c37272
_d37272